Normal view
MARC view
- Nagarajan, Rajini. ,Sukumaran, Jacob. & De Baets, Patrick
Entry Personal Name
001 - CONTROL NUMBER
- control field: 127880
003 - CONTROL NUMBER IDENTIFIER
- control field: NUST
005 - DATE AND TIME OF LATEST TRANSACTION
- control field: 20250218100135.0
008 - FIXED-LENGTH DATA ELEMENTS
- fixed length control field: 250218|| aca||aabn | a|a d
040 ## - CATALOGING SOURCE
- Original cataloging agency: NUST
- Transcribing agency: NUST
100 ## - HEADING--PERSONAL NAME
- Personal name: Nagarajan, Rajini. ,Sukumaran, Jacob. & De Baets, Patrick
670 ## - SOURCE DATA FOUND
- Source citation: Work cat.: (NUST)612893: Jawaid, Mohammad 127878, Synthesis and Tribological Applications of Hybrid Materials /, 2018.
